| 000 | 00465 a2200181 4500 | ||
|---|---|---|---|
| 003 | Nust | ||
| 005 | 20230125161141.0 | ||
| 020 | _a 9780006472612 | ||
| 040 | _cNust | ||
| 082 | _a808.83,SHE | ||
| 100 |
_aSheldon,Sidney _9931 |
||
| 245 |
_aThe master of the unexpected _bMaster of the game / _cSidney Sheldon |
||
| 260 |
_aNew york _bHarper Collin Co |
||
| 300 | _a675:p | ||
| 538 | _aAlmirah No.58 and Shelf No.2 | ||
| 650 |
_aNovel _92525 |
||
| 942 |
_2ddc _cBK |
||
| 999 |
_c180692 _d180692 |
||